Dumbledore's Army Quiz Stats

 Plays Quiz Updated Dec 6, 2017

Score 0/29 Timer 06:00
2 Plays Today
House Student (First Name) % Correct
GryffindorRon Weasley
98.3%
GryffindorHarry Potter
97.6%
GryffindorHermione Granger
94.2%
RavenclawCho Chang
91%
GryffindorGinny Weasley
90.6%
GryffindorGeorge Weasley
89.5%
GryffindorFred Weasley
89.5%
GryffindorNeville Longbottom
88%
RavenclawLuna Lovegood
83.8%
GryffindorSeamus Finnigan
76.7%
GryffindorDean Thomas
74.5%
GryffindorColin Creevey
66.4%
GryffindorParvati Patil
59.2%
RavenclawPadma Patil
57.9%
GryffindorLavender Brown
54%
House Student (First Name) % Correct
GryffindorKatie Bell
53.6%
HufflepuffErnie MacMillan
50.1%
GryffindorAngelina Johnson
49.7%
HufflepuffHannah Abbott
49.6%
GryffindorDennis Creevey
46.7%
HufflepuffJustin Finch-Fletchley
46%
GryffindorLee Jordan
44.5%
RavenclawMarietta Edgecombe
41.5%
GryffindorAlicia Spinnet
41.3%
RavenclawMichael Corner
40.3%
HufflepuffSusan Bones
38.3%
HufflepuffZacharias Smith
35.3%
RavenclawTerry Boot
30.5%
RavenclawAnthony Goldstein
20.6%

You're not logged in!

Compare scores with friends on all Sporcle quizzes.
OR
Log In

You Might Also Like...

Show Comments

Extras

Top Quizzes Today


Score Distribution

Your Account Isn't Verified!

In order to create a playlist on Sporcle, you need to verify the email address you used during registration. Go to your Sporcle Settings to finish the process.

Report this User

Report this user for behavior that violates our Community Guidelines.

Details: